| 000 | 00581nam a22001937a 4500 | ||
|---|---|---|---|
| 003 | NUST | ||
| 005 | 20230906104810.0 | ||
| 008 | 190712b ||||| |||| 00| 0 eng d | ||
| 020 | _qHardcover. | ||
| 038 | _aMr. Zahoor | ||
| 082 | _a658.421 | ||
| 100 |
_aHashmi, Ahmad Akhtar _917502 |
||
| 245 |
_aPerformance And Compensation Evaluation In Small Entrepreneurial Ventures _cAhmad Akhtar Hashmi |
||
| 260 |
_aIslamabad : _bNBS - NUST, _c2014. |
||
| 300 |
_avi, 77 p. ; _c30cm. |
||
| 650 |
_aHRM - EMBA Thesis _917503 |
||
| 700 |
_aDr. Naukhez Sarwar _917504 |
||
| 942 |
_2ddc _cTHE |
||
| 999 |
_c526486 _d526486 |
||